Un marco conceptual para la definición de habitat residencial urbano. /

Bibliographic Details
Main Author: Muñoz Salazar, Patricia
Other Authors: Puente Lafoy, Patricio de la, Torres Rojas, Emilio
Format: Libro
Language:English
Published: Santiago, Chile Universidad de Chile 1989
Series:Documento de trabajo 1
Subjects:

MARC

LEADER 00000cam a2200000 a 4500
001 049064
003 UAHC_CL
005 20170803125412.0
008 010822b xx j 000 1 eng
040 |a UAHC_CL  |c UAHC_CL  |d UAHC_CL 
082 0 4 |a UCH 092-1599 
100 1 |a Muñoz Salazar, Patricia 
245 1 3 |a Un marco conceptual para la definición de habitat residencial urbano. /  |c Patricio de la Puente Lafoy. 
260 |b Universidad de Chile  |c 1989  |a Santiago, Chile 
300 |a 44 p. 
490 0 |a Documento de trabajo  |v 1 
650 4 |a SOCIOLOGIA URBANA 
700 1 |a Puente Lafoy, Patricio de la 
700 1 |a Torres Rojas, Emilio 
900 |a UCH 092-1599 
942 |c BK 
952 |0 0  |1 0  |4 0  |6 UCH_0921599  |7 0  |8 General  |9 87793  |a BC  |b BC  |c General  |d 2017-08-03  |l 0  |o UCH 092-1599  |p 1315092  |r 2019-01-08 00:00:00  |t 1  |w 2017-08-03  |y BK 
999 |c 49064  |d 49064